[Event "UT Dallas Fall GM Inv 2012"]
[Site "Dallas USA"]
[Date "2012.11.19"]
[Round "6"]
[White "Calugar, Arthur"]
[Black "Iotov, Valentin"]
[Result "0-1"]
[WhiteTitle "IM"]
[BlackTitle "GM"]
[WhiteElo "2312"]
[BlackElo "2570"]
[WhiteFideId "2606933"]
[BlackFideId "2906074"]
[EventDate "2012.11.16"]

1. b3 d5 2. Bb2 Nf6 3. Nf3 Bg4 4. g3 e6 5. Bg2 Be7 6. O-O O-O 7. Ne5 Bh5 8. c4
c6 9. d3 Nbd7 10. Nxd7 Nxd7 11. Nd2 a5 12. a3 Bf6 13. Bxf6 Qxf6 14. Nf3 Qc3 15.
h3 Bxf3 16. Bxf3 b5 17. cxb5 cxb5 18. Qb1 Ne5 19. Bg2 Rfc8 20. Rc1 Qd2 21. Kf1
Rc3 22. Rxc3 Qxc3 23. Qc1 Rc8 24. Qxc3 Rxc3 25. b4 axb4 26. axb4 g6 27. Rb1 Nc6
28. Ke1 Ra3 29. Bf1 Ra4 30. e3 d4 31. exd4 Nxb4 32. Rb2 Nc6 33. d5 exd5 34. Bg2
Nb4 35. Kd2 d4 36. Bf3 Kf8 37. Bd1 Ra2 38. Rxa2 Nxa2 39. Bf3 Ke7 40. Bc6 Nc3 41.
h4 f6 42. f4 h6 43. Bf3 Kd6 44. Kc2 Na4 45. Be4 g5 46. fxg5 fxg5 47. hxg5 hxg5
48. Bh7 Kc5 49. Kb3 Nc3 50. Bf5 Ne2 51. g4 Nc3 52. Bg6 Na4 53. Bf5 Kb6 54. Kb4
Nc5 55. Bg6 Na6+ 56. Kb3 Ka5 57. Bh7 Nc5+ 58. Kb2 Kb4 59. Bg6 Na4+ 60. Kc2 Ka3
61. Be8 Nc3 62. Bf7 b4 63. Bc4 Na4 64. Bd5 Nc5 65. Bc4 b3+ 0-1

[Event "UT Dallas Fall GM Inv 2012"]
[Site "Dallas USA"]
[Date "2012.11.19"]
[Round "7"]
[White "Hughes, Tyler B"]
[Black "Calugar, Arthur"]
[Result "1/2-1/2"]
[WhiteTitle "FM"]
[BlackTitle "IM"]
[WhiteElo "2289"]
[BlackElo "2312"]
[WhiteFideId "2026775"]
[BlackFideId "2606933"]
[EventDate "2012.11.16"]

1. d4 Nf6 2. c4 g6 3. Nc3 d5 4. h4 h5 5. Bg5 c6 6. Bxf6 exf6 7. cxd5 cxd5 8. Qb3
Nc6 9. Qxd5 Qb6 10. O-O-O Be6 11. Qb5 Qxb5 12. Nxb5 O-O-O 13. e3 Bxa2 14. Bd3
Nb4 15. Nc3 Nxd3+ 16. Rxd3 Bc4 17. Rd1 b5 18. Nf3 b4 19. Ne4 Be7 20. Kd2 Kb8 21.
Rc1 Bd5 22. Nc5 Rc8 23. Nd3 Kb7 24. Nf4 Be4 25. Rxc8 Rxc8 26. Rc1 Ra8 27. Nd3
Kb6 28. Nc5 Bc6 29. Ne1 a5 30. Ned3 Bxg2 31. e4 Bh3 32. Nf4 Be6 33. Nfxe6 fxe6
34. Nxe6 a4 35. Nc7 Ra7 36. Nd5+ Kb5 37. Kd3 a3 38. bxa3 Rxa3+ 39. Kd2 Bd6 40.
f4 Ra2+ 41. Kd3 Ra3+ 42. Kd2 Ra2+ 43. Kd3 Ra3+ 1/2-1/2

[Event "UT Dallas Fall GM Inv 2012"]
[Site "Dallas USA"]
[Date "2012.11.19"]
[Round "7"]
[White "Iotov, Valentin"]
[Black "Holt, Conrad"]
[Result "1/2-1/2"]
[WhiteTitle "GM"]
[BlackTitle "GM"]
[WhiteElo "2570"]
[BlackElo "2496"]
[WhiteFideId "2906074"]
[BlackFideId "2034387"]
[EventDate "2012.11.16"]

1. d4 d5 2. c4 c6 3. Nc3 dxc4 4. e3 b5 5. a4 b4 6. Ne4 Qd5 7. Ng3 Nf6 8. Be2 Ba6
9. e4 Nxe4 10. Bf3 f5 11. N1e2 g6 12. Nf4 Qf7 13. O-O Ng5 14. Re1 Bg7 15. d5
Nxf3+ 16. Qxf3 Bb7 17. Ne6 cxd5 18. Bg5 Bf6 19. Nc7+ Kd7 20. Bxf6 exf6 21. Nxa8
Bxa8 22. Rad1 Re8 23. Rxe8 Qxe8 24. Qf4 Kc8 25. Qd6 a5 26. Qc5+ Qc6 27. Qxa5 Na6
28. Nf1 f4 29. Nd2 d4 30. f3 c3 31. bxc3 bxc3 32. Nb3 c2 33. Rc1 d3 34. Kf1 Bb7
35. Re1 g5 36. Qf5+ Kb8 37. Qxd3 Nb4 38. Qd8+ Bc8 39. Qd4 Nd3 40. Qxd3 Ba6 41.
Re8+ Kc7 42. Re7+ Kc8 43. Re8+ Kc7 44. Re7+ 1/2-1/2

[Event "UT Dallas Fall GM Inv 2012"]
[Site "Dallas USA"]
[Date "2012.11.19"]
[Round "7"]
[White "Pavlovic, Milos M"]
[Black "Sadorra, Julio Catalino"]
[Result "0-1"]
[WhiteTitle "IM"]
[BlackTitle "GM"]
[WhiteElo "2477"]
[BlackElo "2546"]
[WhiteFideId "924601"]
[BlackFideId "5201268"]
[EventDate "2012.11.16"]

1. e4 e6 2. d4 d5 3. Nc3 Nf6 4. Bg5 Bb4 5. e5 h6 6. Be3 Ne4 7. Qg4 g6 8. a3
Bxc3+ 9. bxc3 c5 10. Bd3 Qa5 11. Ne2 cxd4 12. Bxd4 Nc6 13. O-O Nc5 14. Bxg6 Rg8
15. Bxf7+ Kxf7 16. Qh5+ Ke7 17. Nf4 Kd8 18. Qf7 Re8 19. Nh5 Ne4 20. f3 Nxc3 21.
Bf2 Bd7 22. Nf6 Re7 23. Qf8+ Be8 24. Bh4 Kc7 25. Ng8 Bd7 0-1

[Event "UT Dallas Fall GM Inv 2012"]
[Site "Dallas USA"]
[Date "2012.11.19"]
[Round "7"]
[White "Getz, Alec"]
[Black "Bercys, Salvijus"]
[Result "1/2-1/2"]
[WhiteTitle "FM"]
[BlackTitle "IM"]
[WhiteElo "2316"]
[BlackElo "2418"]
[WhiteFideId "2026287"]
[BlackFideId "12802212"]
[EventDate "2012.11.16"]

1. d4 Nf6 2. c4 g6 3. Nc3 Bg7 4. Nf3 d6 5. g3 O-O 6. Bg2 Nc6 7. O-O Bf5 8. Ne1
Na5 9. e4 Bd7 10. Qe2 e5 11. d5 c5 12. Bd2 a6 13. Nc2 Rb8 14. Rab1 b5 15. b3 Qc7
16. Rfc1 bxc4 17. bxc4 Rxb1 18. Rxb1 Rb8 1/2-1/2

[Event "UT Dallas Fall GM Inv 2012"]
[Site "Dallas USA"]
[Date "2012.11.20"]
[Round "8"]
[White "Calugar, Arthur"]
[Black "Chirila, Ioan-Cristian"]
[Result "0-1"]
[WhiteTitle "IM"]
[BlackTitle "GM"]
[WhiteElo "2312"]
[BlackElo "2506"]
[WhiteFideId "2606933"]
[BlackFideId "1211668"]
[EventDate "2012.11.16"]

1. Nf3 Nf6 2. b3 d5 3. Bb2 Bg4 4. g3 Nbd7 5. Bg2 c6 6. d4 e6 7. Nbd2 Be7 8. O-O
O-O 9. Ne5 Nxe5 10. dxe5 Nd7 11. h3 Bh5 12. f4 f5 13. exf6 Bxf6 14. Bxf6 Qxf6
15. g4 Bg6 16. e4 dxe4 17. Nxe4 Bxe4 18. Bxe4 Nc5 19. g5 Qc3 20. Bg2 Qe3+ 21.
Kh1 Ne4 22. Bxe4 Qxh3+ 23. Kg1 Qe3+ 24. Rf2 Rxf4 25. Bf3 Raf8 26. Kg2 Rg4+ 27.
Kh3 Rxg5 28. Qe2 Rf6 0-1

[Event "UT Dallas Fall GM Inv 2012"]
[Site "Dallas USA"]
[Date "2012.11.20"]
[Round "8"]
[White "Holt, Conrad"]
[Black "Hughes, Tyler B"]
[Result "1-0"]
[WhiteTitle "GM"]
[BlackTitle "FM"]
[WhiteElo "2496"]
[BlackElo "2289"]
[WhiteFideId "2034387"]
[BlackFideId "2026775"]
[EventDate "2012.11.16"]

1. d4 g6 2. c4 Bg7 3. Nf3 Nf6 4. Nc3 O-O 5. e4 d6 6. h3 h5 7. Be2 e5 8. dxe5
dxe5 9. Qxd8 Rxd8 10. Bg5 Re8 11. Nd5 Nxd5 12. cxd5 c6 13. Bc4 cxd5 14. Bxd5 Nd7
15. Rc1 Nf8 16. O-O Ne6 17. Rfd1 f6 18. Be3 Bf8 19. Bxa7 Kf7 20. Rc7+ Re7 21.
Rdc1 Rxa7 22. Rxc8 Kg7 23. g3 b5 24. Nh4 Nd4 25. Kg2 g5 26. Nf5+ Nxf5 27. exf5
Red7 28. Be6 Rdb7 29. R1c6 b4 30. h4 g4 31. f3 gxf3+ 32. Kxf3 Re7 33. g4 hxg4+
34. Kxg4 Ra4 35. Bb3 Raa7 36. h5 1-0

[Event "UT Dallas Fall GM Inv 2012"]
[Site "Dallas USA"]
[Date "2012.11.20"]
[Round "8"]
[White "Bercys, Salvijus"]
[Black "Iotov, Valentin"]
[Result "1-0"]
[WhiteTitle "IM"]
[BlackTitle "GM"]
[WhiteElo "2418"]
[BlackElo "2570"]
[WhiteFideId "12802212"]
[BlackFideId "2906074"]
[EventDate "2012.11.16"]

1. d4 d5 2. c4 c6 3. Nf3 Nf6 4. e3 Bg4 5. Nc3 e6 6. h3 Bh5 7. Qb3 Qc7 8. Nh4
Nbd7 9. g4 Bg6 10. Nxg6 hxg6 11. Bg2 Be7 12. g5 dxc4 13. Qxc4 Nd5 14. f4 N7b6
15. Qe2 c5 16. dxc5 Bxc5 17. Bd2 Nb4 18. O-O Rd8 19. Ne4 Rxd2 20. Qxd2 Nc4 21.
Qc3 Bxe3+ 22. Kh1 Nd5 23. Qxc4 1-0

[Event "UT Dallas Fall GM Inv 2012"]
[Site "Dallas USA"]
[Date "2012.11.20"]
[Round "8"]
[White "Pavlovic, Milos M"]
[Black "Getz, Alec"]
[Result "0-1"]
[WhiteTitle "IM"]
[BlackTitle "FM"]
[WhiteElo "2477"]
[BlackElo "2316"]
[WhiteFideId "924601"]
[BlackFideId "2026287"]
[EventDate "2012.11.16"]

1. e4 e5 2. Nf3 Nc6 3. Bb5 a6 4. Ba4 Nf6 5. O-O Be7 6. d3 d6 7. c3 O-O 8. Re1
Re8 9. Nbd2 Bf8 10. d4 b5 11. Bc2 Bb7 12. d5 Ne7 13. b3 c6 14. c4 Rc8 15. Nf1 g6
16. Ne3 h6 17. h3 Bg7 18. Bb2 Nh5 19. dxc6 Nxc6 20. Qd2 Nf4 21. Rad1 Bf8 22. b4
bxc4 23. Nxc4 Nd4 24. Bxd4 Rxc4 25. Bb3 Rxd4 26. Nxd4 Qg5 27. g3 Nxh3+ 28. Kh2
exd4 29. Qxd4 Qh5 0-1

[Event "UT Dallas Fall GM Inv 2012"]
[Site "Dallas USA"]
[Date "2012.11.20"]
[Round "9"]
[White "Hughes, Tyler B"]
[Black "Bercys, Salvijus"]
[Result "1/2-1/2"]
[WhiteTitle "FM"]
[BlackTitle "IM"]
[WhiteElo "2289"]
[BlackElo "2418"]
[WhiteFideId "2026775"]
[BlackFideId "12802212"]
[EventDate "2012.11.16"]

1. d4 Nf6 2. c4 g6 3. Nc3 Bg7 4. e4 d6 5. Nf3 O-O 6. Be2 e5 7. dxe5 dxe5 8. Qxd8
Rxd8 9. Bg5 Re8 10. Nd5 Nxd5 11. cxd5 c6 12. Bc4 cxd5 13. Bxd5 Nd7 14. Nd2 Nc5
15. O-O Be6 16. Bxe6 Nxe6 17. Be3 Bf8 18. Rfd1 f6 19. Rac1 Red8 20. Nb1 Bc5 1/2-1/2

[Event "UT Dallas Fall GM Inv 2012"]
[Site "Dallas USA"]
[Date "2012.11.20"]
[Round "9"]
[White "Getz, Alec"]
[Black "Sadorra, Julio Catalino"]
[Result "0-1"]
[WhiteTitle "FM"]
[BlackTitle "GM"]
[WhiteElo "2316"]
[BlackElo "2546"]
[WhiteFideId "2026287"]
[BlackFideId "5201268"]
[EventDate "2012.11.16"]

1. e4 e6 2. d4 d5 3. Nd2 Nf6 4. e5 Nfd7 5. f4 c5 6. Ngf3 Nc6 7. Nb3 c4 8. Nbd2
b5 9. Be2 b4 10. Nf1 Be7 11. Be3 f5 12. h4 Nb6 13. h5 Na4 14. Rb1 Qa5 15. Kf2
Ba6 16. g4 fxg4 17. Nh4 Rf8 18. Bxg4 Bc8 19. Kg2 Rb8 20. Ng3 Qb6 21. Nf3 b3 22.
axb3 cxb3 23. Qd3 bxc2 24. Qxc2 Qxb2 25. Rxb2 Rxb2 26. Rc1 Bd7 27. Bxe6 Rxc2+
28. Rxc2 Nb4 29. Bxd7+ Kxd7 30. Rc1 Nb2 31. f5 Nc4 32. Bf2 h6 33. e6+ Kc6 34.
Ne5+ Kb5 35. Ng6 Re8 36. Ne2 Bg5 37. Ra1 a5 38. Nc3+ Ka6 39. Kf3 Bf6 40. Nf4 Rd8
41. Re1 Nb6 42. Rd1 Rc8 43. Nfe2 Rc4 44. Bg3 Nc6 45. Rd3 a4 46. Nd1 Rb4 47. Bd6
Rb3 48. Nf2 Nc4 49. Bc5 a3 50. Rxb3 a2 0-1

[Event "UT Dallas Fall GM Inv 2012"]
[Site "Dallas USA"]
[Date "2012.11.20"]
[Round "9"]
[White "Iotov, Valentin"]
[Black "Pavlovic, Milos M"]
[Result "1/2-1/2"]
[WhiteTitle "GM"]
[BlackTitle "IM"]
[WhiteElo "2570"]
[BlackElo "2477"]
[WhiteFideId "2906074"]
[BlackFideId "924601"]
[EventDate "2012.11.16"]

1. d4 Nf6 2. Bg5 e6 3. e4 h6 4. Bxf6 Qxf6 5. c3 d5 6. Nd2 c5 7. Ngf3 cxd4 8.
exd5 exd5 9. Bb5+ Nc6 10. Nxd4 Qe5+ 11. Qe2 Qxe2+ 12. Kxe2 Bd7 1/2-1/2

[Event "UT Dallas Fall GM Inv 2012"]
[Site "Dallas USA"]
[Date "2012.11.20"]
[Round "9"]
[White "Chirila, Ioan-Cristian"]
[Black "Holt, Conrad"]
[Result "1-0"]
[WhiteTitle "GM"]
[BlackTitle "GM"]
[WhiteElo "2506"]
[BlackElo "2496"]
[WhiteFideId "1211668"]
[BlackFideId "2034387"]
[EventDate "2012.11.16"]

1. d4 d5 2. c4 c6 3. cxd5 cxd5 4. Bf4 Nf6 5. Nc3 Qb6 6. Rc1 Bd7 7. e3 Qxb2 8.
Bd3 a6 9. Nge2 Bc6 10. Rb1 Qa3 11. Rb3 Qa5 12. Qb1 Nbd7 13. Rxb7 e5 14. Bxe5
Nxe5 15. Rb8+ Ke7 16. dxe5 Nd7 17. Rxa8 Bxa8 18. O-O g6 19. f4 Bg7 20. Bc2 Rc8
21. Qe1 Kf8 22. Bb3 Nc5 23. Bxd5 Nd3 24. Qd2 Bxd5 25. Qxd3 Bc4 26. Qd7 Be6 27.
Qa4 Qxa4 28. Nxa4 Rc2 29. Nd4 Rxa2 30. Nc5 Bc8 31. Rb1 Ke8 32. Rb8 Kd8 33. Ra8
Bf8 34. Nce6+ fxe6 35. Nxe6+ Kd7 36. Nxf8+ Kc7 37. Ra7+ Kb6 38. Rxh7 Re2 39. e6
Rxe3 40. e7 Bf5 41. g4 Bxg4 42. Nxg6 Bd7 43. Ne5 Rxe5 1-0